000 00753cam a2200241u 4500
001 15238
003 BD-RjUL
005 20211208235757.0
008 140209r19671947e 000 0 eng
035 _a(BD-RjUL)15292
040 _aDLC
_cCarP
_dDLC
_dBD-RjUL
_beng
041 _aeng
082 0 4 _a657.3
_bVAF 1967
100 1 _aVatter, William Joseph,
_d1905-
_947374
245 1 4 _aThe fund theory of accounting and its implications for financial reports /
_cby william J. Vatter.
260 _aLondon :
_bUniversity of Chicago press,
_c1947 [impression 1967].
300 _av, 123, [18] p. ;
_c25 cm.
650 0 _aAccounting.
_947375
650 0 _aFinancial statements.
_947376
942 _2ddc
_cBK
999 _c15238
_d15238